Регионална библиотека "Любен Каравелов" - Русе

Геодемография (Запис номер 56630)

MARC детайли
000 -Лидер
Контролно поле с фиксирана дължина 01408nam a2200361 c 4500
003 - Код на организацията, давaща контролен номер
Контролно поле BLK
005 - Дата и час на последна редакция
Контролно поле 20180422102020.0
008 - Елементи от данни с фиксирана дължина
fixed length control field 180408b bul|||||r ||||||| ||bul||
010 ## - Наследен системен номер
LC control number KNG00060612000
040 ## - Източник на каталожния запис
Идентификатор на билиотеката - собственик на записа BLK
041 ## - Код за език
Код за езика на текст/звукозапис или на отделно заглавие Български
Код за езика КДБФ Български
080 ## - УДК
Текстов определител УДК Основни проблеми на демографията
УДК код - определител по УДК 314.1
УДК определител (075.9)
УДК - код + определител 314.1(075.9)
080 ## - УДК
Текстов определител УДК География на населените места
УДК код - определител по УДК 911.37
УДК определител (075.9)
УДК - код + определител 911.37(075.9)
100 1# - Редна дума - Автор
Автор Деведжиев, Марин Станчев
Авторска отговорност първи автор
R(LIN) 366415
139 ## - Редно поле
Редна дума Деведжиев, Марин Станчев
Авторски знак Дев - Д 32
245 10 - Сведения за заглавието
Заглавие Геодемография
Подзаглавни данни За специализантите от СУ Климент Охридски
Редно поле (дума) Марин Станчев Деведжиев.
257 ## - Страна на издаване
Страна на създаване/издаване България
260 ## - Област на издателските данни
-- София
Име на издателя, разпространителя и проч. Унив. изд. Св. Климент Охридски
Година на издаване 1989
300 ## - Физическа характеристика
Страници 235 с.
Размери/Мащаб 22 см
380 ## - Жанр
Жанр Обществени науки
650 #4 - Допълнително описание по предмет – тема
Основно описание – тема или топоним Демография
9 (RLIN) 152968
650 #4 - Допълнително описание по предмет – тема
Основно описание – тема или топоним География - на населението
9 (RLIN) 266079
653 ## - Ключова дума – ненормативна
Ключова дума демография
653 ## - Ключова дума – ненормативна
Ключова дума география
653 ## - Ключова дума – ненормативна
Ключова дума население
653 ## - Ключова дума – ненормативна
Ключова дума селища
653 ## - Ключова дума – ненормативна
Ключова дума геодемография
852 ## - Местоположение
Форматна сигнатура Цб 160207
856 4# - Електронен адрес и достъп
Електронен формат pdf - файл
Път до файла /url/
856 4# - Електронен адрес и достъп
Електронен формат pdf - файл
Път до файла /url/
942 ## - АРТИКУЛИ
Вид на библиотечния материал Книги
Скрит в OPAC Не
944 ## - СЪЗДАВАНЕ И РЕДАКЦИЯ на ЗАПИСА
Създаване/Редакция Създаване
Дата на регистрацията/редакция 13.06.2004
Служител, извършил регистрацията/редакцията Грета_Цуфелде
944 ## - СЪЗДАВАНЕ И РЕДАКЦИЯ на ЗАПИСА
Създаване/Редакция Редакция
Дата на регистрацията/редакция 13.07.2017
Служител, извършил регистрацията/редакцията Микаела_Микова-Илиев
999 ## - СИСТЕМНИ КОНТРОЛНИ НОМЕРА
Koha biblionumber 56630
Koha biblioitemnumber 56630
Наличности
Код за отписване Код за изгубен артикул Източник на класификационната схема Код за повреда Коз за рестрикции Код за отдаване Артикулен № Име на библиотеката - собственик Име на библиотеката, в която се намира в момента Статус (Текущо местоположение) Дата на вписване в системата Местоположение - отдел Цена в лева Инвентарен номер Систематично азбучна сигнатура Баркод Номер на екземпляра Цена в евро Служебна бележка Служебен тип на артикула
Изтеглен Не е изгубен Universal Decimal Classification Не е повреден без рестрикции ползва се в читалня 90249 Регионална библиотека "Любен Каравелов" Русе Регионална библиотека "Любен Каравелов" Русе Читалня 1993-01-01 Читалня 6.00 546422 Ч 31/Д 32 546422 1 3.07 Дата инв: 22.03.2017 Бележки инв: Ч2017 Книги
Изтеглен Не е изгубен Universal Decimal Classification Не е повреден без рестрикции заемане за дома 90250 Регионална библиотека "Любен Каравелов" Русе Регионална библиотека "Любен Каравелов" Русе Заемна - подръчен фонд 1989-01-01 Заемна - подръчен фонд 6.00 546421 П 314/Д 32 546421 2 3.07 N: стар фонд Дата: 01.01.1989 Дата инв: 02.02.2018 Бележки инв: П2018 Книги
Изтеглен Не е изгубен Universal Decimal Classification Не е повреден без рестрикции заемане за дома 90251 Регионална библиотека "Любен Каравелов" Русе Регионална библиотека "Любен Каравелов" Русе Заемна - подръчен фонд 1989-01-01 Заемна - подръчен фонд 6.00 657401 П 314/Д 32 657401 3 3.07 N: стар фонд Дата: 01.01.1989 Дата инв: 02.02.2018 Бележки инв: П2018 Книги
  Не е изгубен Universal Decimal Classification Не е повреден без рестрикции заемане за дома 90252 Регионална библиотека "Любен Каравелов" Русе Регионална библиотека "Любен Каравелов" Русе Заемна - подръчен фонд 1989-01-01 Заемна - подръчен фонд 6.00 657402 П 314/Д 32 120000657402 4 3.07 N: стар фонд Дата: 01.01.1989 Дата инв: 02.02.2018 Бележки инв: П2018 Книги
Изтеглен Не е изгубен Universal Decimal Classification Не е повреден без рестрикции заемане за дома 90253 Регионална библиотека "Любен Каравелов" Русе Регионална библиотека "Любен Каравелов" Русе Заемна - подръчен фонд 1989-01-01 Заемна - подръчен фонд 6.00 657405 П 314/Д 32 657405 5 3.07 N: стар фонд Дата: 01.01.1989 Дата инв: 02.02.2018 Бележки инв: П2018 Книги
  Не е изгубен Universal Decimal Classification Не е повреден без рестрикции ползва се в читалня 90254 Регионална библиотека "Любен Каравелов" Русе Регионална библиотека "Любен Каравелов" Русе Хранилище 1989-01-01 Хранилище 6.00 525288 Цб 160207 120000525288 6 3.07 N: стар фонд Дата: 01.01.1989 Книги
Vip Innovations Ltd, Rousse, Bulgaria 2025